Neidio i'r cynnwys

Основы Bash для кибербезопасности учебное пособие

Учебное пособие «Основы Bash для кибербезопасности» содержит краткий обзор базовых функций, которые делают bash мощным языком администрирования безопасности, особенно при написании сценариев . Материал пособия соответствует разделу программ курсов «Методы и языки программирования» и «Программировани...

Disgrifiad llawn

Wedi'i Gadw mewn:
Manylion Llyfryddiaeth
Prif Awdur: Макаров И. С.
Awduron Eraill: Расеева Е. В.
Fformat: Книга
Iaith:Russian
Cyhoeddwyd: Самара ПГУТИ 2024
Pynciau:
Mynediad Ar-lein:https://e.lanbook.com/book/463571
https://e.lanbook.com/img/cover/book/463571.jpg
Tagiau: Ychwanegu Tag
Dim Tagiau, Byddwch y cyntaf i dagio'r cofnod hwn!
LEADER 04268nam0a2200793 i 4500
001 463571
003 RuSpLAN
005 20250516154115.0
008 250516s2024 ru gs 000 0 rus
040 |a RuSpLAN 
041 0 |a rus 
044 |a ru 
080 |a 004.43 
245 0 0 |a Основы Bash для кибербезопасности  |b учебное пособие  |c Макаров И. С.,Расеева Е. В. 
260 |a Самара  |b ПГУТИ  |c 2024 
300 |a 85 с. 
504 |a Библиогр.: доступна в карточке книги, на сайте ЭБС Лань 
520 8 |a Учебное пособие «Основы Bash для кибербезопасности» содержит краткий обзор базовых функций, которые делают bash мощным языком администрирования безопасности, особенно при написании сценариев . Материал пособия соответствует разделу программ курсов «Методы и языки программирования» и «Программирование на языках высокого уровня». Разработано в соответствии с ФГОС ВО по направлению подготовки специалистов 10.05.02 «Информационная безопасность телекоммуникационных систем» (специализация «Управление безопасностью телекоммуникационных систем и сетей») и предназначено для студентов очной формы обучения для подготовки к практическим, лабораторным и самостоятельным работам. 
521 8 |a Книга из коллекции ПГУТИ - Информатика 
521 8 |a СЭБ 
653 0 |a bash 
653 0 |a переменные 
653 0 |a примеры 
653 0 |a ввод 
653 0 |a условия 
653 0 |a циклы 
653 0 |a функции 
653 0 |a аргументы функции 
653 0 |a возвращаемые значения 
653 0 |a шаблон соответствия 
653 0 |a сценарий 
653 0 |a выводы 
653 0 |a практическая часть 
653 0 |a регулярные выражения 
653 0 |a команды 
653 0 |a метасимволы регулярного выражения 
653 0 |a группирование 
653 0 |a квадратные скобки и классы символов 
653 0 |a обратные ссылки 
653 0 |a квантификаторы 
653 0 |a якоря и границы слов 
653 0 |a кибербезопасность 
653 0 |a конфиденциальность 
653 0 |a доступность 
653 0 |a строгое выполнение обязательств 
653 0 |a аутентификация 
653 0 |a жизненный цикл атаки 
653 0 |a разведка 
653 0 |a установка точки опоры 
653 0 |a начальная эксплуатация 
653 0 |a повышение привилегий 
653 0 |a внутренняя разведка 
653 0 |a боковое смещение 
653 0 |a сохранение присутствия 
653 0 |a завершение миссии 
653 0 |a сбор информации 
653 0 |a ssh 
653 0 |a журналы windows 
653 0 |a реестр windows 
653 0 |a поиск в файловой системе 
653 0 |a поиск контента 
653 0 |a поиск по хеш-значению 
653 0 |a передача данных 
653 0 |a мониторинг журналов windows 
100 1 |a Макаров И. С. 
700 1 |a Расеева Е. В. 
856 4 |u https://e.lanbook.com/book/463571 
856 4 8 |u https://e.lanbook.com/img/cover/book/463571.jpg 
953 |a https://e.lanbook.com/img/cover/book/463571.jpg